Colour
| Other Authors: | |
|---|---|
| Format: | Book |
| Published: |
London :
Marshall Editions ,
1991
|
| Subjects: |
MARC
| LEADER | 00000cam a2200000 7i4500 | ||
|---|---|---|---|
| 001 | 0000004276 | ||
| 002 | 000004595 | ||
| 005 | 20000330.0 | ||
| 020 | |a 0950790117 | ||
| 090 | 0 | 0 | |a 701.85 |b COL |
| 245 | 0 | 0 | |a Colour |c ed.by Helen Varley |
| 260 | |a London : |b Marshall Editions , |c 1991 | ||
| 300 | |a 256p. : |b ill. 30cm | ||
| 650 | 0 | 0 | |a Colour |
| 700 | 1 | |a Verley, Hellen | |
| 999 | |a 030267 |b BUKU |c PINJAMAN |e PERPUSTAKAAN KOMUNITI PETALING JAYA | ||